000 00391nam a2200169Ia 4500
008 230524s9999 xx 000 0 und d
020 _a8120311876
082 _a5.133
_bWIL
100 _aWilliam Stalling
245 0 _aOperating Systems
250 _a2ND
260 _aNEW DELHI
_bPHI
_c2002
300 _aXVIII;701
500 _aQuantity Number: 2
650 _aComp-Sc
942 _cBK
999 _c18862
_d18862